000 00445nam a2200181Ia 4500
008 151202s9999||||xx |||||||||||||| ||und||
082 _bPNVM-2207
100 _aBELDEN (J.).
245 _aCHINA SHAKES THE WORLD.
260 _b"VICTOR GOLLANCZ, LONDON."
260 _c0
300 _a0
600 _aBELDEN (J.).
630 _aCHINA SHAKES THE WORLD.
700 _aBELDEN (J.).
730 _aCHINA SHAKES THE WORLD.
942 _cBOOK
999 _c1268205
_d1268202